000 00777nam a2200265Ia 4500
003 OSt
005 20220918175129.0
006 a|||||r|||| 00| 0
007 ta
008 220917b |||||||| |||| 00| 0 eng d
024 _a15,821
037 _cTextual
040 _aARTS
_cARTS
_beng
041 _2eng
_aeng
082 _aO111:g(P:7), L9
100 _aGenette Gerard ed
_953013
245 0 _aStructuralism and literary criticism
260 _aChandigarh
_bBahri Pub
_c1979
300 _aix,73p.
_ccm.
490 _aSeries in semiotics and literature; 1
650 _aENGLISH LITERATURE
700 _a Gill Harjeet Singh Tr.
_953014
942 _hO111:g(P:7), L9
_cTEXL
_2CC
999 _c156217
_d156217